000
00333nam a22001457a 4500
003
OSt
008
240409b |||||||| |||| 00| 0 eng d
020
_a
9789393839015
100
_a
SINGH,Agya Jit
245
_a
Mental Health and Wellness
250
_a
1st Ed
260
_a
New Delhi
_b
EPH
_c
2023
300
_a
250
942
_2
ddc
_c
REF
999
_c
12408
_d
12408